00415nam a2200145 a 450000100100000000500170001000800410002702000150006804000250008308200160010810000140012424500660013826000390020430000260024300003609120200930074852.0111207s1996 xxu 000 0 spa d a0887307647 aDO-SdBNPbspacBNPHU axxxxbR559f1 aRies, Al.10aFocus :bthe future of your company depends on it /cAl Ries. aNew York :bHaper Business,c1996. axii, 304 p. ;c24 cm.